Interpretation of statutes

Saved in:
书目详细资料
主要作者: Kafaltiya, A.B
格式: 图书
出版: New Delhi: Universal law publishing co. PVT. LTD. c2008.
主题:
标签: 添加标签
没有标签, 成为第一个标记此记录!

MARC

LEADER 00000cam a2200000 4500
005 20260415083734.0
020 |a 9788175346697  |c TZS 19,195.8/= 
040 |a MCCL  |b eng.  |e AACR 2nd rev. ed. 
082 |a 348.02 KAF 
100 1 |a Kafaltiya, A.B 
245 1 0 |a Interpretation of statutes  |c /A. B. Kafaltiya 
260 |a New Delhi:  |b Universal law publishing co. PVT. LTD.  |c c2008. 
300 |a civ,432P.:  |c 22 cm. 
546 |a eng. 
650 0 |a Statutes 
942 |c BK 
999 |c 12629  |d 12629